<?xml version="1.0" encoding="UTF-8"?>
<record
    xmlns:xsi="http://www.w3.org/2001/XMLSchema-instance"
    xsi:schemaLocation="http://www.loc.gov/MARC21/slim http://www.loc.gov/standards/marcxml/schema/MARC21slim.xsd"
    xmlns="http://www.loc.gov/MARC21/slim">

  <leader>00814cam a22002531  4500</leader>
  <controlfield tag="001">he 67000203 </controlfield>
  <controlfield tag="003">DLC</controlfield>
  <controlfield tag="005">20260227111443.0</controlfield>
  <controlfield tag="008">840326s1957    is            000 0 heb  </controlfield>
  <datafield tag="010" ind1=" " ind2=" ">
    <subfield code="a">he 67000203 </subfield>
  </datafield>
  <datafield tag="035" ind1=" " ind2=" ">
    <subfield code="a">(OCoLC)19156487</subfield>
  </datafield>
  <datafield tag="040" ind1=" " ind2=" ">
    <subfield code="a">DLC</subfield>
    <subfield code="c">MH</subfield>
    <subfield code="d">DLC</subfield>
  </datafield>
  <datafield tag="042" ind1=" " ind2=" ">
    <subfield code="a">premarc</subfield>
  </datafield>
  <datafield tag="050" ind1="0" ind2="0">
    <subfield code="a">PT2625.A44</subfield>
    <subfield code="b">J715</subfield>
  </datafield>
  <datafield tag="100" ind1="1" ind2=" ">
    <subfield code="a">Mann, Thomas,</subfield>
    <subfield code="d">1875-1955.</subfield>
  </datafield>
  <datafield tag="245" ind1="1" ind2="0">
    <subfield code="a">Yosef &#x1E7F;e-e&#x1E25;a&#x1E7F; /</subfield>
    <subfield code="c">&#x2BB;Ivrit: Mordekhai Avi-Sha&#x2BC;ul : tsiyurim: Sheraga &#x1E7E;ayil.</subfield>
  </datafield>
  <datafield tag="260" ind1=" " ind2=" ">
    <subfield code="a">Mer&#x1E25;avyah :</subfield>
    <subfield code="b">Sifriyat-po&#x2BB;alim,</subfield>
    <subfield code="c">[1957-1972]</subfield>
  </datafield>
  <datafield tag="300" ind1=" " ind2=" ">
    <subfield code="a">4 v. in 3 :</subfield>
    <subfield code="b">ill., mounted port. ;</subfield>
    <subfield code="c">25 cm.</subfield>
  </datafield>
  <datafield tag="440" ind1=" " ind2="0">
    <subfield code="a">Sifre mofet</subfield>
  </datafield>
  <datafield tag="500" ind1=" " ind2=" ">
    <subfield code="a">Added title page: Joseph und Seine Br&#xFC;der.</subfield>
  </datafield>
  <datafield tag="600" ind1="0" ind2="0">
    <subfield code="a">Joseph,</subfield>
    <subfield code="c">Son of Jacob</subfield>
    <subfield code="x">Fiction</subfield>
  </datafield>
  <datafield tag="700" ind1="2" ind2=" ">
    <subfield code="a">Avi-Shaul, Mordechai,</subfield>
    <subfield code="d">1898-1988,</subfield>
    <subfield code="e">tr.</subfield>
  </datafield>
  <datafield tag="752" ind1=" " ind2=" ">
    <subfield code="a">Israel</subfield>
    <subfield code="d">Mer&#x1E25;avyah</subfield>
  </datafield>
  <datafield tag="999" ind1=" " ind2=" ">
    <subfield code="c">32112</subfield>
    <subfield code="d">32112</subfield>
  </datafield>
</record>
